| 000 | 01339 a2200229 4500 | ||
|---|---|---|---|
| 001 | 37602 | ||
| 005 | 20260407155643.0 | ||
| 008 | 260407a1995 arg spa d | ||
| 003 | AR-UNSa-BCEJYS | ||
| 040 |
_aAR-UNSa-BCEJYS _bspa _cAR-UNSa-BCEJYS |
||
| 080 |
_a658.82 _xPromoción de ventas |
||
| 245 | 1 | 0 | _aMarketing Estratégico |
| 020 | _a84-7615-704-5 | ||
| 250 | _a2a. ed | ||
| 264 | 1 |
_aMadrid : _bMcGraw-Hill _c1995 |
|
| 300 |
_a490 p. _c23 cm. |
||
| 505 | _a1. El marketing en la empresa y en la economía - 2. El marketing y la satisfacción de las necesidades - 3. El comportamiento de elección del comprador - 4. Los comportamientos de respuesta del comprador - 5. El análisis de las necesidades a través de la segmentación - 6. El análisis del atractivo delmercado de referencia - 7. El análisis de la competitividad - 8. La elección de una estrategia de desarrollo - 9. El desarrollo por el lanzamiento de nuevos productos - 10. Las decisiones estratégicas de distribución - 11. Las decisiones estratégicas de precio -12. Las decisiones estratégicas de comunicación - 13. El plan de marketing estratégico | ||
| 942 | _cBK | ||
| 590 | _aniveau_biblio:m niveau_hierar:0 | ||
| 100 | 1 | _aLambin, Jean- Jacques | |
| 856 | 4 | 1 |
_uhttps://biblioeco.unsa.edu.ar/pmb/images/libros/L69697.jpg _yImagen de portada _qimage/jpeg |
| 999 |
_c2774 _d2774 |
||